[Event "2. Bundesliga West 2017/18"]
[Site "Kufstein; NMS II, Sporthalle Fischergries"]
[Date "2018.01.14"]
[Round "8"]
[Board "6"]
[White "Doppelhammer, Herbert"]
[Black "Ciolek, Andreas"]
[Result "0-1"]
[WhiteElo "2017"]
[BlackElo "2218"]
[PlyCount "80"]
[EventDate "2017.10.13"]
[EventType "team"]
[EventRounds "11"]
[EventCountry "AUT"]
[WhiteTeam "Ranshofen"]
[BlackTeam "Bregenz"]

1. d4 Nf6 2. Nf3 g6 3. g3 Bg7 4. Bg2 O-O 5. O-O d6 6. Re1 Nbd7 7. e4 e5 8. Nc3
a6 9. a4 b6 10. dxe5 dxe5 11. Nd5 Bb7 12. Bg5 Re8 13. Bh3 Nc5 14. Bxf6 Bxf6 15.
Nxf6+ Qxf6 16. Nd2 Rad8 17. Qe2 Rd4 18. f3 Red8 19. Nf1 Rxa4 20. Rxa4 Nxa4 21.
b3 Nc3 22. Qc4 Qc6 23. Qxc6 Bxc6 24. Ne3 Kg7 25. Bf1 a5 26. Bd3 f6 27. Kf2 Kf7
28. Ra1 Ke7 29. Ke1 Rd7 30. Kf2 Kd6 31. Nc4+ Kc5 32. Ke3 Bb5 33. Nb2 Bc6 34.
Bc4 b5 35. Bd3 a4 36. bxa4 bxa4 37. Nc4 Bb5 38. Nb2 Rd8 39. Kd2 Kb4 40. Ke3 a3
 0-1

[Event "2. Bundesliga West 2017/18"]
[Site "Kufstein; NMS II, Sporthalle Fischergries"]
[Date "2018.01.14"]
[Round "8"]
[Board "1"]
[White "Baldauf, Marco"]
[Black "Kindermann, Stefan"]
[Result "1-0"]
[WhiteElo "2478"]
[BlackElo "2502"]
[PlyCount "99"]
[EventDate "2017.10.13"]
[EventType "team"]
[EventRounds "11"]
[EventCountry "AUT"]
[WhiteTeam "Hohenems II"]
[BlackTeam "Sparkasse Neumarkt"]

1. d4 e6 2. c4 f5 3. Nc3 Nf6 4. Qc2 Bb4 5. e3 b6 6. Bd3 Bb7 7. f3 c5 8. a3
Bxc3+ 9. Qxc3 O-O 10. Ne2 d6 11. b4 Nbd7 12. Bb2 Nh5 13. O-O e5 14. Bc2 Rc8 15.
Rad1 Qe7 16. dxc5 dxc5 17. Ba4 Bc6 18. Bxc6 Rxc6 19. Qd3 Rf7 20. Nc3 cxb4 21.
Nd5 Qc5 22. Rc1 a5 23. axb4 axb4 24. Qb3 Nhf6 25. Nxb4 Rc8 26. Nd5 Re8 27. Rfd1
Qc6 28. Ba3 Re6 29. Rb1 g6 30. Rd2 Kg7 31. Bb2 Nc5 32. Qa3 Nfd7 33. Bc3 Qa4 34.
Qc1 Qxc4 35. Nc7 Ree7 36. Rb4 Nd3 37. Rxc4 Nxc1 38. Rxd7 Rxd7 39. Bxe5+ Kg8 40.
Rxc1 Rd2 41. Ne6 Rfd7 42. Rc8+ Kf7 43. Ng5+ Ke7 44. Rh8 Rd1+ 45. Kf2 R7d2+ 46.
Kg3 Rg1 47. Rxh7+ Ke8 48. Kf4 Rgxg2 49. h4 Rdf2 50. Bf6  1-0

[Event "2. Bundesliga West 2017/18"]
[Site "Kufstein; NMS II, Sporthalle Fischergries"]
[Date "2018.01.14"]
[Round "8"]
[Board "2"]
[White "Sulava, Nenad"]
[Black "Berchtenbreiter, Maximilian"]
[Result "0-1"]
[WhiteElo "2452"]
[BlackElo "2377"]
[PlyCount "56"]
[EventDate "2017.10.13"]
[EventType "team"]
[EventRounds "11"]
[EventCountry "AUT"]
[WhiteTeam "Sparkasse Neumarkt"]
[BlackTeam "Hohenems II"]

1. d4 Nf6 2. Nf3 c5 3. c3 b6 4. dxc5 bxc5 5. e4 e6 6. e5 Nd5 7. Bd3 Be7 8. O-O
Bb7 9. Qe2 Nc6 10. Na3 f5 11. exf6 Bxf6 12. Nc4 Qe7 13. Ng5 Nb6 14. Ne4 Nxc4
15. Bxc4 Ne5 16. Ba6 Bxe4 17. Qxe4 O-O 18. Be3 d5 19. Qa4 c4 20. b3 Ng4 21.
bxc4 Bxc3 22. Rad1 d4 23. Bd2 Qh4 24. h3 Nxf2 25. Be1 Nxh3+ 26. gxh3 Rxf1+ 27.
Kxf1 Rf8+ 28. Ke2 Qe4#  0-1

[Event "2. Bundesliga West 2017/18"]
[Site "Kufstein; NMS II, Sporthalle Fischergries"]
[Date "2018.01.14"]
[Round "8"]
[Board "3"]
[White "Burschowsky, Matthias"]
[Black "Manakov, Ilya"]
[Result "1/2-1/2"]
[WhiteElo "2191"]
[BlackElo "2376"]
[PlyCount "83"]
[EventDate "2017.10.13"]
[EventType "team"]
[EventRounds "11"]
[EventCountry "AUT"]
[WhiteTeam "Hohenems II"]
[BlackTeam "Sparkasse Neumarkt"]

1. c4 g6 2. g3 Bg7 3. Bg2 c5 4. e3 Nc6 5. Ne2 b6 6. Nbc3 Bb7 7. b3 Qc8 8. O-O
Nb4 9. d4 Bxg2 10. Kxg2 Nf6 11. Bb2 cxd4 12. Nxd4 O-O 13. e4 Qb7 14. f3 Rfe8
15. Qd2 Nc6 16. Nde2 Rac8 17. Rac1 a6 18. Nd5 Nxd5 19. cxd5 Bxb2 20. Qxb2 Nb8
21. Qa3 d6 22. Nd4 Rc5 23. b4 Rxc1 24. Rxc1 Rc8 25. Rc3 Kf8 26. Qc1 Rxc3 27.
Qxc3 Ke8 28. a4 Kd7 29. b5 axb5 30. axb5 e5 31. dxe6+ fxe6 32. Qb3 d5 33. Qa2
Kd6 34. Qa3+ Ke5 35. Qa1 Kd6 36. e5+ Kd7 37. Qa3 Qc7 38. Qf8 Qxe5 39. Qf7+ Kd6
40. Qf8+ Kd7 41. Qf7+ Kd6 42. Qf8+  1/2-1/2

[Event "2. Bundesliga West 2017/18"]
[Site "Kufstein; NMS II, Sporthalle Fischergries"]
[Date "2018.01.14"]
[Round "8"]
[Board "4"]
[White "Kaspret, Guido"]
[Black "Atlas, Dmitry"]
[Result "1/2-1/2"]
[WhiteElo "2273"]
[BlackElo "2174"]
[PlyCount "87"]
[EventDate "2017.10.13"]
[EventType "team"]
[EventRounds "11"]
[EventCountry "AUT"]
[WhiteTeam "Sparkasse Neumarkt"]
[BlackTeam "Hohenems II"]

1. c4 e6 2. Nf3 d5 3. g3 Nf6 4. Bg2 Be7 5. O-O O-O 6. d4 b6 7. Nc3 Bb7 8. Ne5
Nbd7 9. Qa4 c6 10. Nxd7 Qxd7 11. cxd5 cxd5 12. Qxd7 Nxd7 13. Bd2 Rac8 14. Rfc1
a6 15. e3 b5 16. a4 b4 17. Na2 a5 18. Bf1 Nb6 19. b3 Bd6 20. f4 Rfd8 21. Bb5
Kf8 22. Kf2 Ke7 23. Ke2 f6 24. Rxc8 Rxc8 25. Rc1 e5 26. Rxc8 Nxc8 27. dxe5 fxe5
28. Bc1 Na7 29. Bb2 Ke6 30. fxe5 Bxe5 31. Bxe5 Kxe5 32. Bd3 h6 33. Nc1 d4 34.
Bc4 Nc6 35. Nd3+ Kd6 36. exd4 Nxd4+ 37. Ke3 Nf3 38. h4 Ne5 39. Nxe5 Kxe5 40.
Be2 Bd5 41. Bd1 Be4 42. Be2 Bd5 43. Bd1 Be4 44. Be2  1/2-1/2

[Event "2. Bundesliga West 2017/18"]
[Site "Kufstein; NMS II, Sporthalle Fischergries"]
[Date "2018.01.14"]
[Round "8"]
[Board "5"]
[White "Heinrici, Simon"]
[Black "Wuppinger, Manfred"]
[Result "1/2-1/2"]
[WhiteElo "2099"]
[BlackElo "2066"]
[PlyCount "60"]
[EventDate "2017.10.13"]
[EventType "team"]
[EventRounds "11"]
[EventCountry "AUT"]
[WhiteTeam "Hohenems II"]
[BlackTeam "Sparkasse Neumarkt"]

1. e4 Nf6 2. Nc3 d5 3. e5 d4 4. exf6 dxc3 5. fxg7 cxd2+ 6. Qxd2 Qxd2+ 7. Bxd2
Bxg7 8. O-O-O Be6 9. a3 Nd7 10. Ne2 Nc5 11. Nc3 O-O-O 12. Be3 Rxd1+ 13. Nxd1
Ne4 14. Bd3 Nd6 15. Re1 Nc4 16. Bg5 Ne5 17. Bxe7 Nxd3+ 18. cxd3 Bd4 19. Bg5 Rg8
20. Be3 Bf6 21. g3 Rd8 22. d4 Bxd4 23. Bxd4 Rxd4 24. Nc3 Bb3 25. Re8+ Kd7 26.
Re4 Rxe4 27. Nxe4 b6 28. Kd2 Kc6 29. Ke3 h6 30. f4 a6  1/2-1/2

[Event "2. Bundesliga West 2017/18"]
[Site "Kufstein; NMS II, Sporthalle Fischergries"]
[Date "2018.01.14"]
[Round "8"]
[Board "6"]
[White "Egger, Martin"]
[Black "Kuntner, Reinhard"]
[Result "0-1"]
[WhiteElo "2065"]
[BlackElo "1926"]
[PlyCount "90"]
[EventDate "2017.10.13"]
[EventType "team"]
[EventRounds "11"]
[EventCountry "AUT"]
[WhiteTeam "Sparkasse Neumarkt"]
[BlackTeam "Hohenems II"]

1. e4 Nf6 2. e5 Nd5 3. d4 d6 4. Nf3 g6 5. Bc4 Nb6 6. Bb3 Bg7 7. Qe2 Nc6 8. O-O
O-O 9. h3 dxe5 10. dxe5 Nd4 11. Nxd4 Qxd4 12. Re1 e6 13. Nd2 Nd7 14. Nf3 Qb4
15. a3 Qa5 16. Bd2 Qb6 17. Bc3 Nc5 18. Bd4 Qc6 19. Bc4 a6 20. b4 Na4 21. b5
axb5 22. Bxb5 Nc3 23. Bxc6 Nxe2+ 24. Rxe2 bxc6 25. a4 Ba6 26. Re3 Bc4 27. Rc3
Bd5 28. Rc5 Rfb8 29. c4 Bxf3 30. gxf3 Ra6 31. Bc3 Rba8 32. Bd4 Bf8 33. Ra2 Rd8
34. Be3 Rd3 35. Rb2 Rxe3 36. fxe3 Bxc5 37. Kf2 Rxa4 38. Ke2 Rxc4 39. Kd3 Ra4
40. Rc2 Ra3+ 41. Ke4 Rxe3+ 42. Kf4 Bb6 43. Rxc6 g5+ 44. Kxg5 Rxe5+ 45. Kg4 Rc5
 0-1

[Event "2. Bundesliga West 2017/18"]
[Site "Hotel Servus Europa"]
[Date "2018.03.09"]
[Round "9"]
[Board "1"]
[White "Wegener, Olaf"]
[Black "Gaehwiler, Gabriel"]
[Result "1/2-1/2"]
[WhiteElo "2431"]
[BlackElo "2419"]
[PlyCount "81"]
[EventDate "2017.10.13"]
[EventType "team"]
[EventRounds "11"]
[EventCountry "AUT"]
[WhiteTeam "Rochade Rum"]
[BlackTeam "Dornbirn"]

1. e4 e5 2. Nf3 Nf6 3. Nxe5 d6 4. Nf3 Nxe4 5. Nc3 Nxc3 6. dxc3 Be7 7. Be3 Nc6
8. Qd2 O-O 9. O-O-O Ne5 10. h4 c6 11. Kb1 Be6 12. Ng5 Bd5 13. f4 Qa5 14. b3 Ng4
15. Bd4 f5 16. c4 Qxd2 17. Rxd2 Bxg5 18. hxg5 Be4 19. Rh4 h6 20. gxh6 Nxh6 21.
g3 b6 22. Be2 Rae8 23. Bh5 Re6 24. Kb2 Rd8 25. a4 c5 26. Be5 Nf7 27. Bc3 Rh6
28. Rhh2 d5 29. cxd5 Rxd5 30. Rxd5 Bxd5 31. Bxf7+ Kxf7 32. Rxh6 gxh6 33. Be5 a6
34. c4 Bc6 35. Bc7 b5 36. axb5 axb5 37. Bd6 bxc4 38. bxc4 Ke6 39. Bxc5 Bf3 40.
Kc3 h5 41. Kd4  1/2-1/2

[Event "2. Bundesliga West 2017/18"]
[Site "Hotel Servus Europa"]
[Date "2018.03.09"]
[Round "9"]
[Board "2"]
[White "Novkovic, Milan"]
[Black "Gatterer, Florian"]
[Result "1/2-1/2"]
[WhiteElo "2362"]
[BlackElo "2271"]
[PlyCount "77"]
[EventDate "2017.10.13"]
[EventType "team"]
[EventRounds "11"]
[EventCountry "AUT"]
[WhiteTeam "Dornbirn"]
[BlackTeam "Rochade Rum"]

1. e4 c5 2. Nf3 g6 3. d4 cxd4 4. Nxd4 Nc6 5. c4 Nf6 6. Nc3 d6 7. Be2 Nxd4 8.
Qxd4 Bg7 9. Bg5 O-O 10. Qd2 a5 11. O-O a4 12. Rab1 Be6 13. f3 Qa5 14. Nd5 Qxd2
15. Bxd2 Nxd5 16. cxd5 Bd4+ 17. Kh1 Bd7 18. Rfc1 Rfc8 19. Bd3 Kf8 20. Bc3 Bxc3
21. bxc3 b5 22. Bxb5 Bxb5 23. Rxb5 Rab8 24. Rxb8 Rxb8 25. h4 a3 26. c4 Rb2 27.
c5 dxc5 28. Rxc5 h5 29. Ra5 Rxa2 30. Ra7 f6 31. Kh2 Ra1 32. Kh3 Ke8 33. Kg3 Kf8
34. Kf4 a2 35. Kg3 Kg8 36. Ra8+ Kf7 37. Ra7 Kg8 38. Ra8+ Kf7 39. Ra7  1/2-1/2

[Event "2. Bundesliga West 2017/18"]
[Site "Hotel Servus Europa"]
[Date "2018.03.09"]
[Round "9"]
[Board "3"]
[White "Paltrinieri, Nicholas"]
[Black "Novkovic, Julia"]
[Result "1-0"]
[WhiteElo "2300"]
[BlackElo "2111"]
[PlyCount "111"]
[EventDate "2017.10.13"]
[EventType "team"]
[EventRounds "11"]
[EventCountry "AUT"]
[WhiteTeam "Rochade Rum"]
[BlackTeam "Dornbirn"]

1. d4 g6 2. Bf4 Bg7 3. Nf3 d6 4. h3 Nc6 5. e3 e5 6. Bh2 Nge7 7. Be2 O-O 8. O-O
h6 9. c3 Kh7 10. Na3 Be6 11. c4 exd4 12. exd4 d5 13. c5 Bf5 14. Nb5 a6 15. Nc3
Be4 16. Ne5 Nf5 17. g4 Nfxd4 18. Nxc6 bxc6 19. f3 Bc2 20. Qd2 Nxe2+ 21. Nxe2
Ba4 22. Rf2 d4 23. Qa5 Bb5 24. Bxc7 Qf6 25. Ng3 d3 26. Rd1 Qh4 27. a4 Bc4 28.
Qb4 Bd5 29. Rxd3 Rfe8 30. Kg2 h5 31. Qd2 hxg4 32. hxg4 Rh8 33. Rxd5 cxd5 34.
Qxd5 Rhe8 35. Ne4 Rac8 36. Ng5+ Qxg5 37. Qxg5 Rxc7 38. Rc2 Be5 39. b4 Kg7 40.
Qe3 Rce7 41. c6 Bc7 42. Qd4+ Kg8 43. b5 Rb8 44. Qd7 Kf8 45. Qd4 Re6 46. Qa7 Re7
47. Qxa6 Kg7 48. Qa7 Rh8 49. Qg1 Rb8 50. Qd4+ Kg8 51. f4 Bb6 52. Qd6 Rc7 53.
Kf3 Ra8 54. g5 Re8 55. Re2 Rf8 56. Qf6  1-0

[Event "2. Bundesliga West 2017/18"]
[Site "Hotel Servus Europa"]
[Date "2018.03.09"]
[Round "9"]
[Board "4"]
[White "Kanonier, Clemens"]
[Black "Pogan, Nikolas"]
[Result "0-1"]
[WhiteElo "2169"]
[BlackElo "2310"]
[PlyCount "54"]
[EventDate "2017.10.13"]
[EventType "team"]
[EventRounds "11"]
[EventCountry "AUT"]
[WhiteTeam "Dornbirn"]
[BlackTeam "Rochade Rum"]

1. e4 d6 2. d4 Nf6 3. Nc3 e5 4. Nf3 Nbd7 5. g4 Nxg4 6. Rg1 Ngf6 7. Bc4 h6 8.
Be3 c6 9. Qd3 b5 10. Bb3 Qa5 11. Bd2 Qc7 12. a4 b4 13. Ne2 a5 14. dxe5 Nc5 15.
Qd4 Nxb3 16. cxb3 c5 17. exd6 Bxd6 18. Qe3 Ng4 19. Rxg4 Bxg4 20. e5 Be7 21. Qe4
Bxf3 22. Qxf3 O-O 23. Qg3 Ra6 24. O-O-O c4 25. Nd4 Rg6 26. Qe3 cxb3+ 27. Kb1
Bc5  0-1

[Event "2. Bundesliga West 2017/18"]
[Site "Hotel Servus Europa"]
[Date "2018.03.09"]
[Round "9"]
[Board "5"]
[White "Hengl, Christian"]
[Black "Ruescher, Christian"]
[Result "1-0"]
[WhiteElo "2153"]
[BlackElo "2068"]
[PlyCount "85"]
[EventDate "2017.10.13"]
[EventType "team"]
[EventRounds "11"]
[EventCountry "AUT"]
[WhiteTeam "Rochade Rum"]
[BlackTeam "Dornbirn"]

1. e4 e6 2. d4 d5 3. e5 c5 4. c3 Nc6 5. Nf3 Nh6 6. Bxh6 gxh6 7. Bb5 a6 8. Ba4
b5 9. Bc2 Bg7 10. O-O cxd4 11. cxd4 f6 12. Nc3 Ra7 13. Re1 O-O 14. Qd2 fxe5 15.
Nxe5 Nxe5 16. dxe5 Raf7 17. Re2 Qh4 18. g3 Qg4 19. Rf1 h5 20. Qd3 Bh6 21. f3
Qh3 22. Rg2 Bb7 23. Ne2 d4 24. Nxd4 Rd8 25. Re2 Bf8 26. Qe3 Rg7 27. Bb3 Rg6 28.
Rc2 Bh6 29. Qd3 h4 30. Qxg6+ hxg6 31. Bxe6+ Qxe6 32. Nxe6 Re8 33. Nc5 Rc8 34.
b4 a5 35. a3 Bd5 36. f4 axb4 37. axb4 Kf7 38. Ra1 Rc7 39. Rd2 Bc6 40. Ra6 Bf8
41. Rd6 Bf3 42. Rf6+ Ke8 43. Rxf8+  1-0

[Event "2. Bundesliga West 2017/18"]
[Site "Hotel Servus Europa"]
[Date "2018.03.09"]
[Round "9"]
[Board "6"]
[White "Proyer, Enno"]
[Black "Jedinger, Andreas"]
[Result "0-1"]
[WhiteElo "2077"]
[BlackElo "2108"]
[PlyCount "84"]
[EventDate "2017.10.13"]
[EventType "team"]
[EventRounds "11"]
[EventCountry "AUT"]
[WhiteTeam "Dornbirn"]
[BlackTeam "Rochade Rum"]

1. d4 Nf6 2. c4 g6 3. Nc3 Bg7 4. e4 d6 5. h3 O-O 6. Nf3 e5 7. d5 Nh5 8. g3 f5
9. exf5 gxf5 10. Be2 Nf6 11. Bg5 Qe8 12. Qd2 Na6 13. Bh6 Qg6 14. Bxg7 Qxg7 15.
Qg5 Bd7 16. Qxg7+ Kxg7 17. Nd2 c6 18. dxc6 Bxc6 19. O-O Nc5 20. Nb3 b6 21. Rfd1
Rfd8 22. Nxc5 dxc5 23. a4 a5 24. Nb5 Bxb5 25. axb5 Rd4 26. Rxd4 exd4 27. Bd3
Ne4 28. Re1 Kf6 29. Bxe4 fxe4 30. Rxe4 a4 31. Rf4+ Ke5 32. Rf3 Ke4 33. Ra3 d3
34. Kf1 Kd4 35. Ke1 Re8+ 36. Kd1 Re2 37. f4 Rxb2 38. f5 Ke3 39. Kc1 Rf2 40. g4
Rf1+ 41. Kb2 Ke2 42. Rc3 d2  0-1

[Event "2. Bundesliga West 2017/18"]
[Site "Hotel Servus Europa"]
[Date "2018.03.09"]
[Round "9"]
[Board "1"]
[White "Bilchinski, Anton"]
[Black "Matt, Fabian"]
[Result "1/2-1/2"]
[WhiteElo "2295"]
[BlackElo "2277"]
[PlyCount "130"]
[EventDate "2017.10.13"]
[EventType "team"]
[EventRounds "11"]
[EventCountry "AUT"]
[WhiteTeam "Pradl"]
[BlackTeam "Goetzis 2"]

1. d4 Nf6 2. c4 e6 3. Nc3 Bb4 4. Qc2 c5 5. dxc5 Na6 6. a3 Bxc3+ 7. Qxc3 Nxc5 8.
b4 Nce4 9. Qd4 d5 10. c5 b6 11. f3 bxc5 12. bxc5 Qa5+ 13. Qb4 Qxb4+ 14. axb4
Nc3 15. Bb2 d4 16. e4 Rb8 17. Bxc3 dxc3 18. b5 Nd7 19. c6 Nc5 (19... Ne5) 20.
Bc4 a6 21. bxa6 c2 22. Ne2 Bxa6 23. Bxa6 Ra8 24. Kf2 Nxa6 25. Rhc1 Ke7 26. Rxc2
Nb4 27. Rxa8 Rxa8 28. Rc3 Rc8 29. Nd4 e5 30. Nf5+ Kf8 31. c7 Na6 32. Rc6 Nxc7
33. Nd6 Rd8 34. Nxf7 (34. Nc4) 34... Kxf7 35. Rxc7+ Kf6 36. Rc6+ Kf7 37. g4 h6
38. h4 Rd2+ 39. Kg3 Rd1 40. Rc7+ Kf6 41. Rc6+ Kf7 42. Kg2 Rd2+ 43. Kh3 Rd3 44.
Rc7+ Kf6 45. Kg3 Rd1 46. h5 Rd6 47. Rc8 Kf7 48. g5 hxg5 49. Kg4 Rf6 50. Rc7+
Kf8 51. Rc5 Rf4+ 52. Kxg5 Rxf3 53. Rxe5 Rg3+ 54. Kf4 Rg1 55. Rc5 Rh1 56. Kg5
Rb1 57. Kg6 Rb4 58. Re5 Rb1 59. Kh7 Rf1 60. Rg5 Rf7 61. e5 Rf1 62. e6 Rf6 63.
e7+ (63. Rg6) 63... Kxe7 64. Rxg7+ Kf8 65. h6 Rf1  1/2-1/2

[Event "2. Bundesliga West 2017/18"]
[Site "Hotel Servus Europa"]
[Date "2018.03.09"]
[Round "9"]
[Board "2"]
[White "Gretz, Denis"]
[Black "Eybl, Alexander"]
[Result "0-1"]
[WhiteElo "2309"]
[BlackElo "2270"]
[PlyCount "140"]
[EventDate "2017.10.13"]
[EventType "team"]
[EventRounds "11"]
[EventCountry "AUT"]
[WhiteTeam "Goetzis 2"]
[BlackTeam "Pradl"]

1. e4 c5 2. Nf3 e6 3. d4 cxd4 4. Nxd4 a6 5. Bd3 Qb6 6. Nb3 Qc7 7. O-O Nf6 8.
Qe2 d6 9. Nc3 Be7 10. Bg5 Nc6 11. Rae1 h6 12. Bh4 g5 13. Bg3 h5 14. h4 gxh4 15.
Bxh4 Ng4 16. Bxe7 Qxe7 17. Qf3 Bd7 18. Qh3 O-O-O 19. Nd2 Rdg8 20. Nc4 Kb8 21.
Nb6 Be8 22. Be2 Nd4 23. a4 Qg5 24. Nc4 Qc5 25. Qd3 Ne5 26. Nxe5 dxe5 27. Bd1 h4
28. Nb1 h3 29. g3 h2+ 30. Kg2 Bxa4 31. c3 Bb5 32. cxd4 exd4 33. Qc2 Bxf1+ 34.
Rxf1 Qg5 35. Kh1 Rc8 36. Qd3 e5 37. Nd2 Qe7 38. Bb3 f6 39. Bd5 Qb4 40. Rb1 Rc7
41. Nf1 Qc5 42. Bb3 b5 43. Nd2 a5 44. Bd1 Qb4 45. Be2 Rb7 46. Nf3 a4 47. Nh4
Rc8 48. Kxh2 Qc4 49. Qf3 Qe6 50. Bd3 b4 51. Qd1 a3 52. Qa4 Qc6 53. Qa5 Qc5 54.
Qa4 Qc6 55. Qb3 axb2 56. Rxb2 Qc3 57. Qe6 Qxb2 58. Qd6+ Rcc7 59. Nf5 Qc3 60.
Ne7 Qc5 61. Qd8+ Rc8 62. Nxc8 Qxc8 63. Qxf6 Qc5 64. g4 Qe7 65. Qh8+ Ka7 66. Kg3
b3 67. Qh6 Rb6 68. Qd2 Qc5 69. Qb2 Kb8 70. g5 Qc3  0-1

[Event "2. Bundesliga West 2017/18"]
[Site "Hotel Servus Europa"]
[Date "2018.03.09"]
[Round "9"]
[Board "3"]
[White "Doskocil, Klaus"]
[Black "Anistratov, Dmitrij"]
[Result "0-1"]
[WhiteElo "2239"]
[BlackElo "2274"]
[PlyCount "60"]
[EventDate "2017.10.13"]
[EventType "team"]
[EventRounds "11"]
[EventCountry "AUT"]
[WhiteTeam "Pradl"]
[BlackTeam "Goetzis 2"]

1. e4 d6 2. d4 Nf6 3. Nc3 Nbd7 4. f3 e5 5. Nge2 c6 6. Be3 Be7 7. Qd2 O-O 8. h4
b5 9. a3 Nb6 10. Ng3 Qc7 11. dxe5 dxe5 12. Bd3 Be6 13. Nf5 Bxf5 14. exf5 Nfd5
15. Ne4 Nxe3 16. Qxe3 Nd5 17. Qf2 c5 18. Ng5 Nf6 19. Rd1 Rad8 20. Ne4 c4 21.
Be2 Nxe4 22. fxe4 c3 23. b3 Rxd1+ 24. Bxd1 Qc6 25. Qf3 Bxa3 26. O-O Be7 27. h5
h6 28. Be2 a5 29. Bd3 a4 30. Rb1 Ra8  0-1

[Event "2. Bundesliga West 2017/18"]
[Site "Hotel Servus Europa"]
[Date "2018.03.09"]
[Round "9"]
[Board "4"]
[White "Mittelberger, Peter"]
[Black "Meier, Alexander"]
[Result "1/2-1/2"]
[WhiteElo "2180"]
[BlackElo "2210"]
[PlyCount "59"]
[EventDate "2017.10.13"]
[EventType "team"]
[EventRounds "11"]
[EventCountry "AUT"]
[WhiteTeam "Goetzis 2"]
[BlackTeam "Pradl"]

1. c4 e5 2. Nc3 d6 3. g3 f5 4. Bg2 Nf6 5. e3 Be7 6. Nge2 O-O 7. O-O c6 8. d3
Na6 9. a3 Nc7 10. e4 Qe8 11. exf5 Bxf5 12. d4 Qh5 13. f3 Be6 14. b3 Rad8 15.
Qe1 Nd7 16. Be3 a6 17. dxe5 dxe5 18. Ne4 Qg6 19. Qa5 Ne8 20. Rad1 Bf5 21. N2c3
Nef6 22. Nxf6+ Qxf6 23. Ne4 Qe6 24. a4 h6 25. Qc3 Bxe4 26. fxe4 Nc5 27. Rxf8+
Rxf8 28. Qc2 Qg4 29. Rf1 Rxf1+ 30. Kxf1  1/2-1/2

[Event "2. Bundesliga West 2017/18"]
[Site "Hotel Servus Europa"]
[Date "2018.03.09"]
[Round "9"]
[Board "5"]
[White "Everett, Elijah"]
[Black "Laske, Erich"]
[Result "1/2-1/2"]
[WhiteElo "2190"]
[BlackElo "2051"]
[PlyCount "120"]
[EventDate "2017.10.13"]
[EventType "team"]
[EventRounds "11"]
[EventCountry "AUT"]
[WhiteTeam "Pradl"]
[BlackTeam "Goetzis 2"]

1. e4 c5 2. Nf3 e6 3. d4 cxd4 4. Nxd4 a6 5. Nc3 b5 6. g3 Bb7 7. Bg2 Nc6 8. O-O
Nxd4 9. Qxd4 Rc8 10. Bf4 Rc4 11. Qd3 Bc5 12. a4 Qb6 13. axb5 axb5 14. b3 Rb4
15. Rad1 Rd4 16. Qe2 Bc6 17. Nd5 Bxd5 18. exd5 Ne7 19. Ra1 O-O 20. dxe6 dxe6
21. c3 Rdd8 22. b4 Bd6 23. Be3 Qc7 24. Rfc1 Nf5 25. Bg5 Rb8 26. Ra5 h6 27. Bd2
Qb6 28. Bf1 Qd8 29. Rd1 Qf6 30. Rxb5 Rxb5 31. Qxb5 h5 32. Be1 Be5 33. c4 Nd4
34. Rxd4 Bxd4 35. Qxh5 e5 36. Bd3 g6 37. Qe2 Ra8 38. Kg2 Ra1 39. c5 Qc6+ 40.
Be4 Qa4 41. c6 Rc1 42. b5 Qa1 43. Bd2 Rg1+ 44. Kh3 Bb6 45. Be3 Bxe3 46. Qxe3
Qf1+ 47. Kh4 Qxb5 48. Qc3 Qe2 49. Qxe5 Qxf2 50. h3 Rc1 51. Bd5 Kf8 52. Kg4 Rc5
53. c7 Qf5+ 54. Qxf5 gxf5+ 55. Kg5 Rxc7 56. Kxf5 Rc3 57. Kf4 Kg7 58. h4 f5 59.
Be6 Kf6 60. Bxf5 Rxg3  1/2-1/2

[Event "2. Bundesliga West 2017/18"]
[Site "Hotel Servus Europa"]
[Date "2018.03.09"]
[Round "9"]
[Board "6"]
[White "Ferk, Martin"]
[Black "Matt, Stefan"]
[Result "0-1"]
[WhiteElo "1906"]
[BlackElo "2151"]
[PlyCount "72"]
[EventDate "2017.10.13"]
[EventType "team"]
[EventRounds "11"]
[EventCountry "AUT"]
[WhiteTeam "Goetzis 2"]
[BlackTeam "Pradl"]

1. d4 f5 2. g3 Nf6 3. Bg2 g6 4. Nh3 Bg7 5. Nf4 O-O 6. h4 Bh8 7. O-O c6 8. c4 d6
9. d5 Qe8 10. Nc3 Na6 11. e4 fxe4 12. Nxe4 Nxe4 13. Bxe4 Nc5 14. Bg2 e5 15.
dxe6 Be5 16. Re1 Nxe6 17. Nxe6 Qxe6 18. Bh6 Qxc4 19. Bxf8 Kxf8 20. Rc1 Qb4 21.
b3 Bf5 22. Rc4 Qb6 23. g4 Be6 24. Rxe5 dxe5 25. Qd6+ Kf7 26. Qxe5 Bxc4 27. Qf4+
Kg7 28. Qxc4 Rd8 29. Qe6 Qc7 30. g5 Qd6 31. Qe3 Rd7 32. Qxa7 Qd1+ 33. Kh2 Qd6+
34. Kh3 Qe6+ 35. Kh2 Qe5+ 36. Kg1 Qd4  0-1

[Event "2. Bundesliga West 2017/18"]
[Site "Hotel Servus Europa"]
[Date "2018.03.09"]
[Round "9"]
[Board "1"]
[White "Fedorovsky, Michael"]
[Black "Krivoborodov, Egor"]
[Result "1/2-1/2"]
[WhiteElo "2478"]
[BlackElo "2542"]
[PlyCount "74"]
[EventDate "2017.10.13"]
[EventType "team"]
[EventRounds "11"]
[EventCountry "AUT"]
[WhiteTeam "Jenbach 2"]
[BlackTeam "ASK Salzburg"]

1. d4 d5 2. c4 c6 3. Nf3 Nf6 4. Nc3 a6 5. Qc2 g6 6. e4 dxe4 7. Nxe4 Nxe4 8.
Qxe4 Bg7 9. Be2 Bf5 10. Qh4 c5 11. dxc5 Qa5+ 12. Bd2 Qxc5 13. b4 Qc6 14. Rc1
Qe4 15. Qxe4 Bxe4 16. Bc3 Bxc3+ 17. Rxc3 Nc6 18. a3 Bxf3 19. Bxf3 O-O-O 20.
Bxc6 bxc6 21. Ke2 Rd6 22. Re3 e6 23. Rd1 Rxd1 24. Kxd1 Rd8+ 25. Kc2 Rd4 26. Kc3
Rh4 27. h3 Kc7 28. Kd3 Kd6 29. Re4 Rh5 30. Rd4+ Ke7 31. Re4 f6 32. Kd4 Kd6 33.
c5+ Ke7 34. Kc4 Rf5 35. f4 h5 36. Rd4 g5 37. g3 Kf7  1/2-1/2

[Event "2. Bundesliga West 2017/18"]
[Site "Hotel Servus Europa"]
[Date "2018.03.09"]
[Round "9"]
[Board "2"]
[White "Frank, Emanuel"]
[Black "Reich, Thomas"]
[Result "1-0"]
[WhiteElo "2165"]
[BlackElo "2365"]
[PlyCount "81"]
[EventDate "2017.10.13"]
[EventType "team"]
[EventRounds "11"]
[EventCountry "AUT"]
[WhiteTeam "ASK Salzburg"]
[BlackTeam "Jenbach 2"]

1. d4 Nf6 2. c4 g6 3. Nc3 Bg7 4. e4 O-O 5. Nf3 d6 6. Be2 Bg4 7. Be3 Nfd7 8. O-O
Nc6 9. d5 Bxf3 10. Bxf3 Na5 11. Be2 Bxc3 12. bxc3 e5 13. dxe6 fxe6 14. f4 Qe7
15. Qd4 b6 16. e5 Nc5 17. Bf2 Rad8 18. Rad1 Rd7 19. Qe3 dxe5 20. fxe5 Rfd8 21.
Rd4 Nc6 22. Bh4 Nxd4 23. Bxe7 Nxe2+ 24. Qxe2 Rxe7 25. h4 Rf8 26. Rxf8+ Kxf8 27.
Qf3+ Rf7 28. Qa8+ Kg7 29. Qxa7 Nd3 30. a4 Nxe5 31. c5 Nc4 32. Qa6 Rf4 33. g3
Rf3 34. Qb7 Rxg3+ 35. Kf2 Rxc3 36. Qxc7+ Kf6 37. Qf4+ Ke7 38. Qc7+ Kf6 39. cxb6
Rc2+ 40. Ke1 Ne3 41. Qf4+  1-0